| 000 | 00677cab a2200169 4500 | ||
|---|---|---|---|
| 001 | L130782 | ||
| 008 | 050830n2005 000 0 eng u | ||
| 035 | _a(Sirsi) u130782 | ||
| 041 | 0 | _aeng | |
| 245 | 0 | 0 | _aLending market erratic as low interest rates match falling yields |
| 260 | _c2005 | ||
| 490 | 0 |
_aProperty Week _v70(34) 26 August 2005, 17(1) |
|
| 520 | _aExamines conditions in the property lending market in particular the Kingfisher./"Property Week" Index. There has been fluctuation in the market, which reflect the fluctuations in the five year interest rates. Graphs | ||
| 590 | _aIKA300805 | ||
| 690 | _aPROPERTY-PROPERTY FINANCE AND INVESTMENT | ||
| 942 | _n0 | ||
| 999 |
_c75789 _d75789 |
||